Methods of modern mathematical physics. Vol.3 Scattering theory
Gardado en:
| Autor Principal: | |
|---|---|
| Formato: | Libro |
| Idioma: | Undetermined |
| Publicado: |
San Diego, California
Academic Press
1972
|
| Những chủ đề: | |
| Các nhãn: |
Engadir etiqueta
Sen Etiquetas, Sexa o primeiro en etiquetar este rexistro!
|
| Thư viện lưu trữ: | Trung tâm Học liệu Trường Đại học Cần Thơ |
|---|
| LEADER | 00579nam a2200205Ia 4500 | ||
|---|---|---|---|
| 001 | CTU_22649 | ||
| 008 | 210402s9999 xx 000 0 und d | ||
| 020 | |b 235df | ||
| 082 | |a 530.15 | ||
| 082 | |b R325/Vol.3 | ||
| 100 | |a Michael Reed | ||
| 245 | 0 | |a Methods of modern mathematical physics. Vol.3 | |
| 245 | 0 | |b Scattering theory | |
| 245 | 0 | |c Michael Reed, Barry Simon | |
| 260 | |a San Diego, California | ||
| 260 | |b Academic Press | ||
| 260 | |c 1972 | ||
| 650 | |a mathematical physics | ||
| 904 | |i Minh, 980525 | ||
| 980 | |a Trung tâm Học liệu Trường Đại học Cần Thơ | ||